Statistics for Stay - The Kid Laroi ft. Justin Bieber (All Lyrics)

Click here to take the quiz!

General Stats

  • This quiz has been taken 296 times
  • The average score is 308 of 360

Answer Stats

Lyrics% Correct
I
99%
you
97%
you,
97%
you.
97%
to
96%
never
94%
stay,
94%
stay.
94%
the
94%
told
94%
that
93%
do
92%
same
91%
would.
89%
when
87%
When
87%
can
86%
could.
86%
thing
86%
be
85%
need
85%
up,
85%
up
85%
up.
85%
can't
84%
even
83%
fuck
81%
know
81%
as
79%
if
79%
knew
79%
no
79%
I'll
78%
I'm
78%
good
77%
here.
77%
fucked
76%
right
76%
Oh.
74%
nobody
73%
find
72%
changed,
71%
wake
71%
your
70%
drunk,
69%
in
69%
it
69%
get
68%
me
68%
wasted
68%
else
67%
love.
67%
way
66%
feel.
65%
feel
65%
So,
65%
still.
65%
away
64%
touch.
64%
And
63%
from
63%
time
63%
You're
63%
miss
62%
reason
62%
believe
61%
for
61%
realize
61%
like
60%
been
58%
without
58%
It's
57%
leave
57%
baby,
56%
live
56%
afraid
55%
difficult
55%
trust.
55%
'Cause
54%
empty-
53%
stranded.
52%
Ain't
51%
ain't
51%
handed.
50%
left
48%
I'ma
41%

Score Distribution

Percentile by Number Answered

Percent of People with Each Score

Your Score History

You have not taken this quiz